MARC

LEADER 00000nab a2200000 4500
001 vtls011749176
003 SK-MaSNL
005 20260318114428.0
008 180404c2017 xo er|n || ||00 c0ukr
015 |a SNBRB2018/04 
038 |a SVKPOCL 
040 |a SVKPOCL  |b slo  |c SVKPOCL  |e rda 
041 0 |a ukr 
043 |a e-au---  |a e-hu---  |a e-un--- 
044 |a xo  |c SK 
072 7 |a 94(4)  |x Dejiny Európy  |2 konspekt 
072 7 |a 930.85  |x Dejiny civilizácie. Kultúrne dejiny  |2 konspekt 
080 |a 304.2-051  |2 2011 
080 |a (=161.25)(091)  |2 2011 
080 |a (436+439)  |2 2011 
080 |a 342.7-051  |2 2011 
080 |a 930.85  |2 2011 
080 |a 82-051  |2 2011 
080 |a 34-051  |2 2011 
080 |a 94(4)"1870/1884"  |2 2011 
080 |a 316.022.4(=161.2)(091)  |2 2011 
080 |a 94(439):(=161.25)  |2 2011 
080 |a 94(436):(=161.25)  |2 2011 
080 |a 929 Dobriansky, Adolf I.  |2 2011 
100 1 |a Pap, Štefan,  |d 1917-1990  |4 aut  |4 ant  |9 871763 
245 1 0 |a Adol'f Dobrjans'kyj  |c Stepan Pap 
300 |b Fotografie 
336 |a text  |b txt  |2 rdacontent 
337 |a bez média  |b n  |2 rdamedia 
338 |a zväzok  |b nc  |2 rdacarrier 
500 |a V rubrike Istorija 
500 |a Záverečná časť článku, začiatok v č. 20/2017, 21/2017, 22/2017, 23/2017, 24/2017 
500 |a Doplňujúce údaje sú prevzaté z Wikipediji 
600 1 7 |a Dobriansky, Adolf I.,  |d 1817-1901  |2 SNKMA  |9 142221 
600 1 7 |a Pauliny-Tóth, Viliam,  |d 1826-1877  |2 SNKMA  |9 37125 
600 1 7 |a Grabar, Olga Adoľfivna,  |d 1843-1930  |2 svkpocl  |9 1630192 
600 1 7 |a Gerovs'ka, Aleksija Adoľfivna,  |d 1857-1916  |2 svkpocl  |9 1630193 
648 7 |a 6.3.1901  |2 svkpocl  |9 1495302 
650 0 7 |a politici  |2 SNKPH  |9 2679 
650 0 7 |a osobnosti  |2 SNKPH  |9 29820 
650 0 7 |a rodáci  |2 SNKPH  |9 30842 
650 0 7 |a biografia  |2 SNKPH  |9 71085 
650 0 7 |a politika a vláda  |2 SNKPH  |9 3868 
650 0 7 |a právnici  |2 SNKPH  |9 2687 
650 0 7 |a Rusíni  |2 SNKPH  |9 4087 
650 0 7 |a práva menšín  |2 SNKPH  |9 2259 
650 0 7 |a národné obrodenie  |2 SNKPH  |9 3795 
650 0 7 |a rusofilstvo  |2 SNKPH  |9 83646 
650 0 7 |a maďarizácia  |2 SNKPH  |9 82594 
651 7 |a Rakúsko-Uhorsko  |2 SNKPH  |9 36860 
651 7 |a Uhorsko  |2 SNKPH  |9 28673 
651 7 |a Rakúsko  |2 SNKPH  |9 18533 
651 7 |a Užhorod (Ukrajina)  |2 SNKPH  |9 26707 
651 7 |a Ukrajina  |2 SNKPH  |9 168045 
651 7 |a Ľvov (Ukrajina)  |2 SNKPH  |9 29383 
651 7 |a Zakarpatská Ukrajina  |2 SNKPH  |9 55422 
651 7 |a Čertižné (Slovensko)  |2 SNKPHgeo  |9 51198 
651 7 |a Michalovce (Slovensko)  |2 SNKPHgeo  |9 22487 
773 0 |t Nove žyttja  |g Roč. 67, č. 25 (2017), s. 5 
787 0 8 |i Spracované podľa:  |a Pap, Štefan, 1917-1990  |t «Istorija Zakarpattja». Tom III  |d Ivano-Frankivs'k : «Nova Zorja», 2003, S. 325-341 
852 |a SVKPO  |b KIS3GCP 
856 4 2 |a https://uk.wikipedia.org/wiki/Грабар_Ольга_Адольфівна 
856 4 2 |u https://uk.wikipedia.org/wiki/Геровська_Алексія_Адольфівна 
958 |a RN 
958 |a SS 
958 |a BC 
958 |a HU 
958 |a UA 
958 |a AT 
958 |a SK 
958 |a BX 
999 |c 3363913  |d 3365843